گزيدۀ قابوسنامه / Guzīdah-ʼi Qābūsʹnāmah / (Record no. 82234)
[ view plain ]
| 000 -LEADER | |
|---|---|
| fixed length control field | 02365cam a2200409 a 4500 |
| 001 - CONTROL NUMBER | |
| control field | 82234 |
| 003 - CONTROL NUMBER IDENTIFIER | |
| rucl marc code | BD-RjUL |
| 005 - DATE AND TIME OF LATEST TRANSACTION | |
| control field | 20231102120755.0 |
| 008 - FIXED-LENGTH DATA ELEMENTS--GENERAL INFORMATION | |
| fixed length control field | 231102s1974 ir 000 0 perod |
| 035 ## - SYSTEM CONTROL NUMBER | |
| System control number | (BD-RjUL)82234 |
| 040 ## - CATALOGING SOURCE | |
| Original cataloging agency | EYM |
| Language of cataloging | eng |
| Transcribing agency | EYM |
| Modifying agency | OCLCG |
| -- | OCLCA |
| -- | OCLCQ |
| -- | OCLCO |
| -- | OCLCF |
| -- | OCLCO |
| -- | DLC |
| 041 ## - LANGUAGE CODE | |
| Language code of text/sound track or separate title | eng |
| 082 ## - DEWEY DECIMAL CLASSIFICATION NUMBER | |
| Edition number | 23 |
| Classification number | 305.235088297 |
| Author mark and year | KAQ 1974 |
| 100 1# - MAIN ENTRY--PERSONAL NAME | |
| Personal name | Keikāvūs ebn-e-Eskandar ibn Qābūs, ʻUnṣur al-Maʻālī,کيکاووس بن اسکندر بن قابوس، عنصر المعالى،. |
| Dates associated with a name | 1021 or 1022-1098 or 1099. |
| 9 (RLIN) | 9877 |
| 245 10 - TITLE STATEMENT | |
| Title | گزيدۀ قابوسنامه / Guzīdah-ʼi Qābūsʹnāmah / |
| Statement of responsibility, etc. | نوشتۀ امير عنصر المعالي كيكاوس بن اسكندر بن قابوس بن وشمگير ؛ به كوشش غلام حسين يوسوفي., كيكاوس بن اسكندر بن قابوس، عنصر المعالي., يوسفي، غلام حسين. = nivishtah-ʼi Amīr onṣor al-Maʻālī Keikāvūs ebn-e- Eskandar ibn Qābūs ibn Washamgīr ; bih kūshish-i |
| 246 15 - VARYING FORM OF TITLE | |
| Title proper/short title | Gozide-ye Qābus-nāmeh |
| Title proper/short title | Selections from Qābus-nāmeh, a 5th Century A.H./11th Century A.D. text |
| 250 ## - EDITION STATEMENT | |
| Edition statement | Chāp-i avval. |
| 260 ## - PUBLICATION, DISTRIBUTION, ETC. (IMPRINT) | |
| Place of publication, distribution, etc. | Tihrān :تهران |
| Name of publisher, distributor, etc. | Shirkat-i Sahāmī-i Kitābhā-yi Jaybī, bā hamkārī-i Muʼassasah-ʼi Intishārāt-i Frānklīn,شرکت سهامى کتابهاى جيبى، با همکارى مؤسسۀ انتشارات فرانکلين= |
| Date of publication, distribution, etc. | 1353 [1974] |
| 300 ## - PHYSICAL DESCRIPTION | |
| Pagination | 29, 443 pages ; |
| Size | 22 cm. |
| 490 0# - SERIES STATEMENT | |
| Series statement | Majmūʻah-ʼi Sukhan-i Pārsī ;مجموعۀ سخن پارسى ؛ |
| Volume/sequential designation | 9 |
| 500 ## - GENERAL NOTE | |
| General note | Added t.p. in English: Gozide-ye Qābūs-nāmeh. |
| General note | "Published ... in association with Franklin Book Programs." |
| General note | "Tawz̤īḥāt": p. 335-443. |
| General note | Errata slip inserted. |
| General note | Library of Congress. Franklin Book Program Collection, no. P826. |
| 561 ## - OWNERSHIP AND CUSTODIAL HISTORY | |
| Institution to which field applies | DLC |
| 650 #0 - SUBJECT ADDED ENTRY--TOPICAL TERM | |
| Topical term or geographic name as entry element | Muslim youth |
| General subdivision | Conduct of life. |
| 9 (RLIN) | 9878 |
| Topical term or geographic name as entry element | Youth |
| General subdivision | Conduct of life. |
| 9 (RLIN) | 9879 |
| Topical term or geographic name as entry element | Education of princes. |
| 9 (RLIN) | 9880 |
| Topical term or geographic name as entry element | Islamic ethics |
| Form subdivision | Early works to 1800. |
| 9 (RLIN) | 775 |
| 700 1# - ADDED ENTRY--PERSONAL NAME | |
| Personal name | Yūsofī, Gholām Ḥosein.يوسفى، غلام حسين. |
| 942 ## - ADDED ENTRY ELEMENTS (KOHA) | |
| Source of classification or shelving scheme | Dewey Decimal Classification |
| Koha item type | Books |
| Lost status | Source of classification or shelving scheme | Damaged status | Not for loan | Collection code | Permanent Location | Current Location | Shelving location | Date acquired | Source of acquisition | Cost, normal purchase price | Total Checkouts | Full call number | Date last seen | Copy number | Koha item type |
|---|---|---|---|---|---|---|---|---|---|---|---|---|---|---|---|
| Dewey Decimal Classification | Not For Loan | Non-fiction | Central Library, University of Rajshahi | Central Library, University of Rajshahi | Reading Room | 28/09/1996 | Dhaka university, dept. Urdu & persian | 300.00 | F 305.235088297 KAQ 1974 | 02/11/2023 | C-1 | Books |